Historia mínima de Chile.

Αποθηκεύτηκε σε:
Λεπτομέρειες βιβλιογραφικής εγγραφής
Κύριος συγγραφέας: Sagredo Baeza, Rafael (autor)
Μορφή: Βιβλίο
Γλώσσα:Ισπανικά
Έκδοση: México, D.F, México: El Colegio de México, 2014.
Madrid, España: Turner, 2014.
Έκδοση:Primera edición.
Σειρά:Colección Historias Mínimas.
Θέματα:
Ετικέτες: Προσθήκη ετικέτας
Δεν υπάρχουν, Καταχωρήστε ετικέτα πρώτοι!

MARC

LEADER 00000cam a2200000 a 4500
001 UCE4157
003 CL-VaPUC
005 20220822114407.0
008 141009e20140600mx |||||||||||||||||spa|d
999 |c 357214  |d 357212 
020 |a 978-84-15832-81-2 
040 |c Pontificia Universidad Católica de Valparaíso 
082 0 4 |a 983 SAG 2014  |2 21 
100 0 |a Sagredo Baeza, Rafael  |e autor  |9 576750 
245 1 0 |a Historia mínima de Chile. 
250 |a Primera edición.  
260 |a México, D.F, México:   |b El Colegio de México,  |c 2014. 
260 |a Madrid, España:  |b Turner,   |c 2014. 
300 |a 297 páginas.  
440 |a Colección Historias Mínimas.   |9 865564 
500 |a c.3 Donación Familia Prof. Alejandro Guzmán Brito.  
583 |a last modification  |c 20190502 10:26:30  |k Rodrigo Vera 
650 0 |a Historia de Chile  |9 265473  |x Vida y costumbres  |x Desarrollo cultural 
852 |a BIBCUR 
942 |c BK  |2 ddc  |n 0 
945 |d 20141009 14:36:00  |a arojas 
952 |0 0  |1 0  |2 ddc  |3 erb  |4 0  |6 983_000000000000000_SAG_2014_2014  |7 0  |8 A  |9 465065  |a BIBHIS  |b BIBHIS  |i 5118379  |l 9  |m 1  |o 983 SAG 2014 2014  |p 5118379  |r 2025-01-20  |s 2024-08-26  |t 1  |w 2019-11-23  |y BK  |z Catalogado en:20141009  |k HIS 
952 |0 0  |1 0  |2 ddc  |3 erb  |4 0  |6 983_000000000000000_SAG_2014_2014  |7 0  |8 A  |9 465066  |a BIBHIS  |b BIBHIS  |i 5353793  |l 10  |o 983 SAG 2014 2014  |p 5353793  |r 2025-01-20  |s 2024-11-25  |t 2  |w 2019-11-23  |y BK  |z Catalogado en:20161201  |k HIS 
952 |0 0  |1 0  |2 ddc  |4 0  |6 983_000000000000000_SAG_2014  |7 1  |8 C_AGB  |9 580002  |a BIBDER  |b BIBDER  |d 2022-01-03  |e Donación   |i 5633168   |o 983 SAG 2014  |p 5633168  |r 2023-01-25  |t 3  |w 2022-01-03  |y BK_US  |k AGB